000 00713 a2200217 4500
003 OSt
005 20180116182624.0
008 160513b xxu||||| |||| 00| 0 eng d
020 _a8171695418
020 _a9788171695416
040 _c0
082 _a658.84 CHO 1998
100 _aChoudhary A.K
245 0 0 _aPurchasing and supply management.
_cChoudhary A.K
260 _a[S.l.] :
_bCommonwealth Publishers,
_c1998.
300 _a1 v. (unpaged)
500 _aUnknown Binding.
856 4 0 _3Amazon.com
_uhttp://www.amazon.com/exec/obidos/ASIN/8171695418/chopaconline-20
856 4 0 _3Amazon customer reviews
_uhttp://www.chopac.org/cgi-bin/tools/azrev.pl?q=8171695418
942 _aNBS
_cBK
_k658.84 CHO
_2ddc
999 _c342904
_d342904